| 000 | 01023nam a22002415i 4500 | ||
|---|---|---|---|
| 001 | 164897 | ||
| 003 | ES-MaACL | ||
| 005 | 20250923161112.0 | ||
| 008 | 981117s1888 sp |||| | spa d | ||
| 040 |
_aCCPB | B _bspa _cCCPB | B |
||
| 100 | 1 |
_aScherer, Edmond. _9132539 |
|
| 245 | 1 | 3 |
_aEl sufragio universal y la democracia / _cpor Edmundo Scherer ; versión castellana de la segunda ed. francesa, previo consentimiento del autor ; con un prólogo y notas por Eduardo Sanz y Escartín. |
| 260 |
_aMadrid : _b[Fuentes y Capdeville, libreros editores], _c1888 ( _fImp. de A. Pérez Dubrull) |
||
| 300 |
_aXLV, 81 p. ; _c20 cm. |
||
| 596 | _aEd. tomado de la cub. | ||
| 596 | _aAño en cub. 1889. | ||
| 650 | 7 |
_aDemocracia _2embne _911574 |
|
| 650 | 4 |
_aSufragio universal. _9136893 |
|
| 700 | 1 |
_aSanz y Escartín, Eduardo, _d1855-1939 _9103695 |
|
| 852 |
_aES-MaACL _jT-572-F-1 _z-- Enc. hol., conservando la cub. original _z-- Enc. en un vol. facticio |
||
| 999 |
_c164897 _d164897 |
||